| 000 | 00553nam a2200193Ia 4500 | ||
|---|---|---|---|
| 008 | 220531s9999 xx 000 0 und d | ||
| 041 | _aeng | ||
| 082 |
_a5.74 _bELM / NAV |
||
| 100 |
_aElmasri, R. / Navathe, S. B. _969367 |
||
| 245 | _aDatabase Systems: Models, Languages, Design And Application Programming | ||
| 250 | _a6th | ||
| 260 |
_aNew Delhi _bPearson _c2014 |
||
| 300 | _a1214 | ||
| 542 | _d03-01-2015 | ||
| 551 |
_aComputer Science _bNon-grant-CS |
||
| 650 |
_aDatabase _969368 |
||
| 906 |
_d2014-2015 _f4211 |
||
| 999 |
_c38915 _d38915 |
||